00616nam a22002057a 450000500170000001000130001702000220003003500130005203700160006504000120008108200150009310000170010824500740012526000480019927000510024730000200029850000500031865000200036865000220038820170124105928.0 aA-791590 c00.00a8170247551 aA-791590 bCen Lib/Ret aDPLbEN a305.6bMAT aMatin, Abdul aMuslims in India and abroad :c by Abdul MatinbCaste and ethnicity / aNew DelhibAPH Publishing Corporationc1996 a5, Ansari Road, Darya Ganj bNew Delhie110002 a169p.c20cm(Hb) aIncludes bibliographical references and index aMuslims - India aIslamic sociology